Change How Organizations Achieve Hard-to-Imagine Results in Uncertain and Volatile Times

Gespeichert in:
Bibliographische Detailangaben
1. Verfasser: Kotter, John P.
Weitere Verfasser: Akhtar, Vanessa, Gupta, Gaurav
Format: Buch
Sprache:Englisch
Veröffentlicht: Hoboken John Wiley & Sons 2021
Schlagworte:
Tags: Tag hinzufügen
Keine Tags, Fügen Sie das erste Tag hinzu!

MARC

LEADER 00000nam a2200000 4500
001 0297192
005 20240416114213.6
020 |a 978-1-119-81584-6 
041 0 |a eng 
044 |a US 
245 1 0 |a Change  |b How Organizations Achieve Hard-to-Imagine Results in Uncertain and Volatile Times  |c John P. Kotter, Vanessa Akhtar, Gaurav Gupta 
264 1 |a Hoboken  |b John Wiley & Sons  |c 2021 
300 |a 226 s. 
610 2 0 |a plánovanie strategické 
610 2 0 |a podnikanie 
610 2 0 |a politika podnikania 
610 2 0 |a stratégia podnikateľská 
610 2 0 |a transformácia digitálna 
610 2 0 |a reštrukturalizácia 
610 2 0 |a inovácie technologické 
100 1 |a Kotter, John P. 
700 1 |a Akhtar, Vanessa 
700 1 |a Gupta, Gaurav